| 000 | 00550nam a22001817a 4500 | ||
|---|---|---|---|
| 008 | 140925b xxu||||| |||| 00| 0 eng d | ||
| 020 | _a39967002588957 | ||
| 050 | _aBL430.E4513 1954 | ||
| 100 |
_a Eliade, Mircea _911755 |
||
| 245 |
_aThe myth of the eternal return _c Mircea Eliade |
||
| 260 |
_aNew York _bPantheon Books _c1954 |
||
| 300 |
_axi, 195p. ; _c25cm. |
||
| 440 |
_aBollingen Series _911756 _nNo. 46 |
||
| 650 |
_aReligion _911757 |
||
| 650 |
_aMyth _911758 |
||
| 650 |
_aHistory _xReligious aspects _911759 |
||
| 942 |
_2lcc _cMONOGRAPH |
||
| 999 |
_c120986 _d120986 |
||